000 00598nam a22001937a 4500
003 UA-OsUOA
001 11368
007 ta
008 20050318b un ||||| |||| 00| 0 ukr d
942 _cSA
040 _aUA-OsUOA
_bukr
_cUA-OsUOA
_dUA-OsUOA
245 _aПоложення (стандарт) бухгалтерського обліку 28 "Зменшення корисності активів"
300 _aС.3-9
955 _a0
041 _aukr
044 _aUA
773 0 _w0
_tБухгалтерський облік і аудит
_dК.
_d2005
_gN2
650 7 _aАктиви
_2UDC
999 _c297529
_d297529